Paroles - Elie - Patrick Bruel - Statistiques

Statistiques générales
  • Ce quiz a été pris 65 fois
  • Le résultat moyen est 78 sur 166
Statistiques - réponses
Paroles % Correct
de
87%
De
87%
Il
87%
il
87%
Le
87%
le
87%
Elle
85%
la
85%
85%
m'a
85%
tu
85%
Et
83%
se
83%
sa
81%
nous
79%
que
77%
Qui
77%
qui
77%
ne
74%
Ne
74%
un
74%
vous
74%
t'a
72%
ta
72%
dit
70%
pas
70%
Pas
70%
pour
70%
son
68%
Une
68%
ses
64%
Ses
64%
Y
64%
y
64%
plus
62%
si
62%
Toi
62%
lui
60%
au
57%
Ces
55%
Dans
55%
tes
55%
Tes
55%
vie
55%
as
53%
sur
53%
ton
53%
sont
49%
avait
47%
cette
47%
Comme
47%
Puis
45%
puis
45%
regardé
45%
yeux
45%
parlé
40%
rien
40%
C'est
38%
pris
36%
Toutes
36%
dire
34%
Celle
32%
trop
32%
ans
30%
souri
30%
J'ai
28%
joue
28%
rire
28%
bras
26%
Celui
26%
l'on
26%
long
26%
longtemps
26%
n'avait
26%
raconté
26%
seul
26%
tant
26%
belles
23%
mots
23%
posés
23%
Quelques
23%
vient
23%
bout
21%
demain
21%
doigt
21%
Doucement
21%
éclat
21%
larme
21%
peines
21%
qu'il
21%
aimait
19%
Celles
19%
chacun
19%
Depuis
19%
joies
19%
peur
19%
presque
19%
Vivre
19%
bébé
17%
commençait
17%
devoir
17%
merci
17%
partir
17%
pouvoir
17%
retenir
17%
siècle
17%
tienne
17%
besoin
15%
Céline
15%
colères
15%
coulait
15%
disaient
15%
gagne
15%
guerres
15%
passée
15%
séparait
15%
tarde
15%
62
13%
chantaient
13%
n'aimait
13%
regardait
13%
rester
13%
libre
11%
lisait
11%
mémoire
11%
revivre
11%
Aucun quiz correspondant
Distribution des résultats
% des personnes avec chaque résultat
Percentile par nombre de réponses
Votre historique - résultats
Vous n’avez pas pris ce quiz